Спаи стекла с металлом и керамикой. Ч. 3 (Запись № 8385922)

Подробности
000 -МАРКЕР
контрольное поле 01110nam2a22002651 4500
001 - ИДЕНТИФИКАТОР ЗАПИСИ
контрольное поле rc\4935532
005 - ИДЕНТИФИКАТОР ВЕРСИИ
контрольное поле 20130426160515.1
035 ## - ДРУГИЕ СИСТЕМНЫЕ НОМЕРА
Идентификатор записи (NLR Aleph) 008848547
100 ## - ДАННЫЕ ОБЩЕЙ ОБРАБОТКИ
Данные общей обработки 20130426d1967 |||y0rusy50 ca
101 0# - ЯЗЫК РЕСУРСА
Язык текста, звукозаписи и т.д. русский
102 ## - СТРАНА ПУБЛИКАЦИИ ИЛИ ПРОИЗВОДСТВА
Страна публикации Российская Федерация
105 ## - ПОЛЕ КОДИРОВАННЫХ ДАННЫХ: ТЕКСТОВЫЕ МАТЕРИАЛЫ, МОНОГРАФИЧЕСКИЕ
Кодированные данные о монографическом текстовом документе y z |||||
200 0# - ЗАГЛАВИЕ И СВЕДЕНИЯ ОБ ОТВЕТСТВЕННОСТИ
Основное заглавие Ч. 3
Сведения, относящиеся к заглавию ... за 1964-1946 гг. и I полугодие 1967 г.
Первые сведения об ответственности Сост. А.В. Пастухова
210 ## - ПУБЛИКАЦИЯ, РАСПРОСТРАНЕНИЕ И ДР.
Дата издания, распространения и т.д. 1967
215 ## - ФИЗИЧЕСКАЯ ХАРАКТЕРИСТИКА
Специфическое обозначение материала и объем 23 с.
225 1# - СЕРИЯ
Основное заглавие серии ...
Сведения, относящиеся к заглавию ...
Обозначение тома ...
Наименование части ...
Обозначение тома № 34 [1]
320 ## - ПРИМЕЧАНИЯ О НАЛИЧИИ В ДОКУМЕНТЕ БИБЛИОГРАФИИ / УКАЗАТЕЛЯ
Текст примечания Перечень просмотр. литературы: с. 22
461 #0 - УРОВЕНЬ НАБОРА
Встроенное поле 001rc\4935531
-- 2001#$aСпаи стекла с металлом и керамикой$eОтечеств. и иностр. литература...$eЧ. 3-$vЧ. 3
Системный номер (АБИС) связанной записи 8385919
Место публикации Москва
Дата публикации 1967-
Имя издателя, распространителя и т.д. Б. и.
Сведения, относящиеся к заглавию Отечеств. и иностр. литература... : Ч. 3-
Заглавие Спаи стекла с металлом и керамикой
Номер тома Ч. 3
702 #1 - ИМЯ ЛИЦА - ВТОРИЧНАЯ ОТВЕТСТВЕННОСТЬ
Начальный элемент ввода Пастухова
Часть имени, кроме начального элемента ввода А. В.
Код отношения Составитель
801 #0 - ИСТОЧНИК ЗАПИСИ
Страна Российская Федерация
Организация NLR
Правила каталогизации psbo
801 #1 - ИСТОЧНИК ЗАПИСИ
Страна Российская Федерация
Организация ELAR
Источник данных rusmarc
852 ## - МЕСТОНАХОЖДЕНИЕ И ШИФР ХРАНЕНИЯ
Идентификатор организации NLR
Шифр хранения (Call Number) С315-410/Т-32
942 ## - ДОПОЛНИТЕЛЬНЫЕ ЭЛЕМЕНТЫ ЗАПИСИ (АБИС)
Тип экземпляра АБИС Книга
980 ## - КОЛЛЕКЦИЯ
Название коллекции Национальная библиография
Экземпляры
Тип экземпляра Дата поступления Библиотека постоянного хранения Библиотека текущего хранения Место хранения Шифр хранения Штрих-код Статус экземпляра
Книга 26.10.2013 РНБ (Московский) РНБ (Московский) Центральная справочная библиотека С315-410/Т-32 8848547-10